000 00223nam a2200121Ia 4500
100 _aHARRY D SCHUFFS
942 _cBK
245 _aPANICS & CRASHES
260 _b#N/A
300 _a253
546 _aENGLISH
999 _c30452
_d30452